000 00264nam a2200097 4500
999 _c520903
_d520903
082 _aA45:N4/KERA/A/2019-20
100 _aKerala. Home Department
_932198
245 _aAdministration report, 2019-2020
260 _aThiruvanathapuram
_bThe author
_c2020
300 _a102p